Distributed processing systems (Record no. 31592)

MARC details
000 -LEADER
fixed length control field 00294nam a2200109Ia 4500
082 ## - DEWEY DECIMAL CLASSIFICATION NUMBER
Classification number 658.516.2
Item number THI
100 ## - MAIN ENTRY--AUTHOR NAME
Personal name Thierauf, Robert J
245 #0 - TITLE STATEMENT
Title Distributed processing systems
260 ## - PUBLICATION, DISTRIBUTION, ETC. (IMPRINT)
Place of publication Englewood cliffs
Name of publisher Prentice Hall
Year of publication 1978
942 ## - ADDED ENTRY ELEMENTS (KOHA)
Koha item type Books
Holdings
Withdrawn status Lost status Damaged status Not for loan Home library Current library Date acquired Cost, normal purchase price Full call number Accession Number Koha item type
        RRII Library RRII Library 16/12/2021 16.95 658.516.2 THI 12133 Books